Word Ladder: Nonpartisan Quiz Stats

 Plays Quiz Updated Sep 3, 2014

Support Sporcle.
Go Orange.
Score 0/36 Timer 04:00
1 Play Today
Clue 4-Letter Word % Correct
1BETS
96.2%
1BEDS
95.5%
2■ VOTE ■
91.7%
1BATS
91.5%
1REDS
91.5%
1BASS
90%
2FAIL
89.5%
2■ FALL ■
88.9%
1RIBS
88.8%
1■ REPS ■
87.7%
2■ THIS ■
86.6%
1■ DEMS ■
85.7%
2VASE
83.8%
1RIPS
83.4%
2TOTE
82.5%
2CHIN
81.6%
2VAST
81.1%
1BUST
81.1%
Clue 4-Letter Word % Correct
2COIN
80.9%
2THIN
80.8%
1DIBS
80.5%
2VALE
79.3%
2VOLE
79.2%
1DEBS
79%
2FOIL
78.7%
2COIL
77.5%
2TOTS
77%
1BUSS
76.6%
2VEST
75.8%
1■ JUST ■
74%
1JEST
73.9%
1BATH
72.8%
1■ BOTH ■
70.2%
1BOTS
70.1%
2THES
66.7%
2TOES
58.9%

Today's Daily Dose

Missing Word
1944 Movies A-Z

Word Ladder
An Angry Alt+F4

Get the Picture
Colors in 4 Languages

You're not logged in!

Compare scores with friends on all Sporcle quizzes.
OR
Log In

From the Vault

Davids Who Changed the US

by DesertSpartan

Whether they go by David, Dave, or Davy, we like them all.
Remove Ads.
Support Sporcle.
Get the best of Sporcle when you Go Orange. This ad-free experience offers more features, more stats, and more fun while also helping to support Sporcle. Thank you for becoming a member.

Show Comments

Extras

Top Quizzes Today


Score Distribution

Your Account Isn't Verified!

In order to create a playlist on Sporcle, you need to verify the email address you used during registration. Go to your Sporcle Settings to finish the process.

Report this User

Report this user for behavior that violates our Community Guidelines.

Details: